[Event "AUTO-OPEN-2487"]
[Site "http://www.queenalice.com/game.php?id=988738"]
[Date "2011.9.23"]
[Round "1"]
[White "DallAgnol"]
[Black "BOBWINNER"]
[Result "0-1"]
[WhiteElo "1632"]
[BlackElo "1653"]

1. d4 e6 2. e4 Be7 3. Nf3 Nf6 4. Nc3 O-O 5. Be2 Ng4 6. O-O Bd6 7. e5 Bb4 8. Qd3
d5 9. h3 Nh6 10. Bxh6 gxh6 11. Qe3 Kg7 12. Nh2 Be7 13. Ng4 Bg5 14. Qg3 Nc6 15.
Rfd1 Qe7 16. Bb5 Nb4 0-1

[Event "AUTO-OPEN-2487"]
[Site "http://www.queenalice.com/game.php?id=988739"]
[Date "2011.9.23"]
[Round "1"]
[White "BOBWINNER"]
[Black "DallAgnol"]
[Result "1-0"]
[WhiteElo "1636"]
[BlackElo "1655"]

1. e3 e5 2. Be2 d5 3. Nf3 Nc6 4. O-O Nf6 5. a3 Be7 6. b4 e4 7. Nd4 Nxd4 8. exd4
O-O 9. Nc3 c6 10. d3 Re8 11. b5 Qc7 12. dxe4 dxe4 13. Bb2 Be6 14. a4 Bb4 15. f3
e3 16. Ne4 1-0

[Event "AUTO-INT-2531"]
[Site "http://www.queenalice.com/game.php?id=1139897"]
[Date "2013.1.12"]
[Round "1"]
[White "thigo"]
[Black "BOBWINNER"]
[Result "0-1"]
[WhiteElo "1541"]
[BlackElo "1679"]

1. g3 e6 2. e4 Be7 3. Qf3 Nf6 4. d4 O-O 5. Nc3 d5 6. Bf4 Nc6 7. O-O-O dxe4 8.
Nxe4 Nxd4 9. Qc3 c5 10. h3 Nxe4 11. Qe1 Qd5 12. Bd3 Qxa2 13. Qxe4 f5 14. Qe5
Qa1+ 15. Kd2 Qxb2 16. Ne2 Qb4+ 17. Nc3 Nf3+ 18. Ke3 Nxe5 19. Bxe5 c4 20. Na2
Qc5+ 21. Kf4 Qxf2# 0-1

[Event "AUTO-INT-2531"]
[Site "http://www.queenalice.com/game.php?id=1139898"]
[Date "2013.1.12"]
[Round "1"]
[White "BOBWINNER"]
[Black "thigo"]
[Result "1-0"]
[WhiteElo "1668"]
[BlackElo "1552"]

1. e3 e5 2. Be2 Nf6 3. Nf3 d5 4. O-O Bg4 5. Nxe5 Bxe2 6. Qxe2 Qe7 7. d4 g6 8.
Bd2 c5 9. Qb5+ Nfd7 10. Qxb7 Nb6 11. Qxe7+ Bxe7 12. Nc3 cxd4 13. exd4 O-O 14.
Rae1 Bf6 15. Nf3 Nc4 16. Bh6 Rd8 17. Re2 Nxb2 18. Rfe1 Nc6 19. Nxd5 Rxd5 20.
Re8+ 1-0

[Event "AUTO-INT-2531"]
[Site "http://www.queenalice.com/game.php?id=1139911"]
[Date "2013.1.12"]
[Round "1"]
[White "BOBWINNER"]
[Black "soutricolor2007"]
[Result "1-0"]
[WhiteElo "1689"]
[BlackElo "1236"]

1. e3 e5 2. Be2 Nc6 3. Nf3 Nf6 4. O-O Be7 5. d4 exd4 6. exd4 d5 7. Nc3 O-O 8. a3
a6 9. b4 a5 10. Bd2 axb4 11. axb4 1-0

[Event "AUTO-INT-2531"]
[Site "http://www.queenalice.com/game.php?id=1139912"]
[Date "2013.1.12"]
[Round "1"]
[White "soutricolor2007"]
[Black "BOBWINNER"]
[Result "0-1"]
[WhiteElo "1234"]
[BlackElo "1691"]

1. d4 e6 2. Nf3 Be7 3. e3 Nf6 4. Nc3 O-O 5. Be2 d5 6. O-O Nc6 7. Bd2 a6 8. a3 b5
9. b4 Bd6 10. h3 Ne4 0-1

[Event "AUTO-INT-2531"]
[Site "http://www.queenalice.com/game.php?id=1139913"]
[Date "2013.1.12"]
[Round "1"]
[White "BOBWINNER"]
[Black "Tenista"]
[Result "1-0"]
[WhiteElo "1711"]
[BlackElo "1714"]

1. e3 d5 2. Be2 Nf6 3. Nf3 Nc6 4. O-O e5 5. c3 e4 6. Nd4 Ne5 7. a3 Bd7 8. a4 Bc5
9. Nb3 Bb6 10. a5 Bxe3 11. dxe3 O-O 12. Qd4 Nc6 13. Qd1 Qc8 14. Nc5 Bg4 15. h3
Bf5 16. a6 b6 17. Bb5 Ne5 18. Na4 c6 19. Be2 g5 20. b3 Ned7 21. Ba3 Rd8 22. b4
Ne5 23. b5 c5 24. Nd2 g4 25. hxg4 Nexg4 26. c4 d4 27. f3 dxe3 28. fxg4 Nxg4 29.
Qc2 Rxd2 30. Qc3 Rxe2 31. Bb2 Rxb2 32. Nxb2 Qe6 33. Ra2 Qh6 34. Rxf5 Qh2+ 35.
Kf1 Qh1+ 36. Ke2 Qxg2+ 37. Ke1 Rd8 38. Rg5+ Kf8 39. Qg7+ Ke7 40. Re5+ Kd6 41.
Rd5+ Kc7 42. Qxf7+ Kc8 43. Qb7# 1-0

[Event "AUTO-INT-2531"]
[Site "http://www.queenalice.com/game.php?id=1139914"]
[Date "2013.1.12"]
[Round "1"]
[White "Tenista"]
[Black "BOBWINNER"]
[Result "0-1"]
[WhiteElo "1731"]
[BlackElo "1693"]

1. e4 e5 2. Bc4 Be7 3. Qf3 Nh6 4. d4 Bg5 5. Bxg5 Qxg5 6. Nc3 Nc6 7. Nge2 O-O 8.
a3 d6 9. h3 a6 10. d5 Nd4 11. Nxd4 exd4 12. Ne2 b5 13. Bb3 c5 14. dxc6 Rb8 15.
Nxd4 Qe5 16. O-O-O a5 17. Bd5 b4 18. a4 g5 19. Qd3 Re8 20. g3 Ra8 21. c7 Ba6 22.
Qe3 Rac8 23. Nc6 Qf6 24. Nxa5 Rxc7 25. Qb6 Rec8 26. Rd2 Bd3 27. Rxd3 Rxc2+ 28.
Kd1 Qxb2 29. Ke1 Qc1+ 30. Rd1 Qb2 31. Kf1 R8c5 32. Rh2 g4 33. Qxd6 Kg7 34. hxg4
Nxg4 35. Rh1 Rxf2+ 36. Kg1 Rg2+ 37. Kf1 Qf2# 0-1